[Event "Panevezys op-B 26th"]
[Site "Panevezys"]
[Date "2013.08.15"]
[Round "5"]
[White "Kutkaitis, Romualdas"]
[Black "Zeimys, Vilmantas"]
[Result "1/2-1/2"]
[WhiteElo "1789"]
[BlackElo "1658"]
[PlyCount "120"]
[EventDate "2013.08.12"]
[EventType "swiss"]
[EventRounds "8"]
[EventCountry "LTU"]
[SourceTitle "CBM 155 Extra"]
[Source "ChessBase"]
[SourceDate "2013.08.26"]
[SourceVersion "1"]
[SourceVersionDate "2013.08.26"]
[SourceQuality "1"]

1. d4 e6 2. c4 Nf6 3. Nc3 Bb4 4. Nf3 0-0 5. Bg5 d5 6. e3 h6 7. Bxf6 Qxf6 8. Bd3 c5 9. 0-0 Bxc3 10. bxc3 Rd8 11. Ne5 b6 12. f4 dxc4 13. Be4 Rd5 14. Nxc4 Ba6 15. Qb3 b5 16. Ne5 c4 17. Qb2 Qd8 18. Qe2 f5 19. Bxd5 Qxd5 20. Qf3 Qxf3 21. Rxf3 Bb7 22. Rf2 Nc6 23. Rb2 Nxe5 24. fxe5 Bc6 25. a4 bxa4 26. Rb4 Bd5 27. Raxa4 Kh7 28. Rb2 h5 29. Rba2 h4 30. Rxa7 Rb8 31. h3 Rb1+ 32. Kf2 Be4 33. Rd2 Rh1 34. Ra4 Bd3 35. Rxd3 cxd3 36. Ra2 Rc1 37. Rd2 Rxc3 38. Kf3 Kg6 39. e4 Kg5 40. d5 fxe4+ 41. Kxe4 Rc4+ 42. Kxd3 exd5 43. Re2 Kf5 44. e6 Rc8 45. Kd4 Re8 46. Kxd5 Kf6 47. Rf2+ Kg6 48. Kd6 Ra8 49. e7 Ra6+ 50. Kd5 Ra5+ 51. Kc6 Ra6+ 52. Kd5 Ra5+ 53. Ke4 Ra4+ 54. Kf3 Kf7 55. Re2 Ke8 56. Re5 Ra3+ 57. Kf2 Ra2+ 58. Re2 Rxe2+ 59. Kxe2 Kxe7 60. Kf3 Kf6 1/2-1/2

[Event "Panevezys op-B 26th"]
[Site "Panevezys"]
[Date "2013.08.15"]
[Round "4"]
[White "Simkunas, Kestutis"]
[Black "Kutkaitis, Romualdas"]
[Result "0-1"]
[WhiteElo "1776"]
[BlackElo "1789"]
[PlyCount "104"]
[EventDate "2013.08.12"]
[EventType "swiss"]
[EventRounds "8"]
[EventCountry "LTU"]
[SourceTitle "CBM 155 Extra"]
[Source "ChessBase"]
[SourceDate "2013.08.26"]
[SourceVersion "1"]
[SourceVersionDate "2013.08.26"]
[SourceQuality "1"]

1. c4 Nf6 2. Nc3 e6 3. Nf3 Bb4 4. Qc2 d5 5. e3 0-0 6. d4 c5 7. a3 Bxc3+ 8. bxc3 Nc6 9. Bd3 h6 10. 0-0 Qc7 11. Bd2 b6 12. Rac1 Bb7 13. cxd5 exd5 14. c4 cxd4 15. cxd5 dxe3 16. Bxe3 Nxd5 17. Be4 Nde7 18. Nd4 Rfc8 19. Rfd1 Qe5 20. Nxc6 Bxc6 21. Bxc6 Rxc6 22. Qa4 Qc7 23. Qe4 Rd8 24. h3 Rxc1 25. Rxc1 Qd7 26. Bf4 Rc8 27. Re1 Ng6 28. Be3 Re8 29. Qb4 Ne5 30. Rb1 f6 31. a4 Nc6 32. Qb3+ Qe6 33. Qb5 Na5 34. Rc1 Rc8 35. Rxc8+ Qxc8 36. Qd5+ Kh8 37. Qb5 Qc6 38. Qa6 Qd7 39. Bf4 Kh7 40. Bb8 Nc6 41. Bf4 Qd1+ 42. Kh2 Nd4 43. Qc4 f5 44. Be5 Ne2 45. h4 Qg1+ 46. Kh3 Qxf2 47. Bh2 Qe3+ 48. g3 Qf3 49. h5 Qe4 50. Qf7 Qg4+ 51. Kg2 Nf4+ 52. Kf2 Qe2+ 0-1

[Event "Klaipeda Sea op-A 10th"]
[Site "Klaipeda"]
[Date "2013.07.24"]
[Round "3"]
[White "Jaskunaite, Areta"]
[Black "Kutkaitis, Romualdas"]
[Result "0-1"]
[WhiteElo "1473"]
[BlackElo "1789"]
[PlyCount "45"]
[EventDate "2013.07.22"]
[EventType "swiss"]
[EventRounds "7"]
[EventCountry "LTU"]
[SourceTitle "CBM 155 Extra"]
[Source "ChessBase"]
[SourceDate "2013.08.26"]
[SourceVersion "1"]
[SourceVersionDate "2013.08.26"]
[SourceQuality "1"]

1. d4 e6 2. e4 d5 3. exd5 exd5 4. Bd3 Nf6 5. Nf3 Bd6 6. 0-0 0-0 7. c3 Bg4 8. Bg5 Nbd7 9. Nbd2 c6 10. Qb3 Qc7 11. h3 Bh5 12. Rfe1 Rae8 13. Qc2 Bg6 14. Bxg6 hxg6 15. Rac1 Bf4 16. Bxf4 Qxf4 17. Qb3 Qc7 18. Qa3 a6 19. Nb3 Ne4 20. Qa5 Qf4 21. Re3 Nxf2 22. Rxe8 Nxh3+ 23. Kh1 0-1

[Event "Kaunas Debiutas B"]
[Site "Kaunas"]
[Date "2012.10.28"]
[Round "3.1"]
[White "Cerniauskas, Markas"]
[Black "Kutkaitis, Romualdas"]
[Result "1/2-1/2"]
[WhiteElo "1759"]
[BlackElo "1665"]
[PlyCount "62"]
[EventDate "2012.10.27"]
[EventType "swiss"]
[EventRounds "7"]
[EventCountry "LTU"]
[SourceTitle "EXT 2024"]
[Source "ChessBase"]
[SourceDate "2023.10.10"]
[SourceVersion "1"]
[SourceVersionDate "2023.10.10"]
[SourceQuality "1"]

1. d4 e6 2. c4 Nf6 3. Nf3 b6 4. e3 Bb7 5. Bd3 Bb4+ 6. Nbd2 0-0 7. 0-0 Bxd2 8. Nxd2 d6 9. b3 Nbd7 10. Bb2 Re8 11. f3 e5 12. Qc2 Qe7 13. e4 c5 14. d5 h6 15. g3 Bc8 16. Rf2 Nf8 17. Nf1 N6h7 18. Bc1 Ng5 19. Bxg5 Qxg5 20. Qd2 Qxd2 21. Rxd2 Ng6 22. Ne3 Ne7 23. Re1 g6 24. a3 Bd7 25. f4 f6 26. fxe5 fxe5 27. Rf2 Rf8 28. Ref1 Rxf2 29. Rxf2 Rf8 30. b4 Rxf2 31. Kxf2 Kf7 1/2-1/2

[Event "Panevezys op 25th"]
[Site "Panevezys"]
[Date "2012.08.16"]
[Round "5"]
[White "Luebbert, Dietrich"]
[Black "Kutkaitis, Romualdas"]
[Result "0-1"]
[WhiteElo "1774"]
[BlackElo "1665"]
[PlyCount "56"]
[EventDate "2012.08.13"]
[EventType "swiss"]
[EventRounds "9"]
[EventCountry "LTU"]
[SourceTitle "CBM 149 Extra"]
[Source "ChessBase"]
[SourceDate "2012.08.24"]
[SourceVersion "1"]
[SourceVersionDate "2012.08.24"]
[SourceQuality "1"]

1. d4 e6 2. Nf3 Nf6 3. c4 b6 4. Bg5 Bb7 5. Nc3 Bb4 6. a3 Bxc3+ 7. bxc3 0-0 8. e3 d6 9. Bd3 Nbd7 10. Qc2 h6 11. Bh4 Bxf3 12. gxf3 e5 13. Rg1 Qe8 14. Kd2 d5 15. cxd5 Nxd5 16. Rg2 N5f6 17. Rag1 Nh5 18. Bc4 Kh8 19. dxe5 Nxe5 20. Be2 Ng6 21. Bg5 hxg5 22. Rxg5 Nf6 23. Bc4 Ne5 24. Ke2 Qc6 25. Rxe5 Qxc4+ 26. Ke1 Rad8 27. Reg5 Rd3 28. R1g3 g6 0-1

[Event "Panevezys op 25th"]
[Site "Panevezys"]
[Date "2012.08.16"]
[Round "6"]
[White "Petrovskis, Olegs"]
[Black "Kutkaitis, Romualdas"]
[Result "1-0"]
[WhiteElo "1906"]
[BlackElo "1665"]
[PlyCount "67"]
[EventDate "2012.08.13"]
[EventType "swiss"]
[EventRounds "9"]
[EventCountry "LTU"]
[SourceTitle "CBM 149 Extra"]
[Source "ChessBase"]
[SourceDate "2012.08.24"]
[SourceVersion "1"]
[SourceVersionDate "2012.08.24"]
[SourceQuality "1"]

1. d4 e6 2. c4 Nf6 3. Nc3 Bb4 4. Qc2 d5 5. a3 Bxc3+ 6. bxc3 h6 7. Bf4 c6 8. e3 0-0 9. Nf3 Nbd7 10. Bd3 Re8 11. 0-0 Qe7 12. c5 e5 13. Bxe5 Nxe5 14. Nxe5 Ne4 15. Bxe4 dxe4 16. Nc4 Qg5 17. Kh1 Re6 18. Nd6 b6 19. Nxe4 Qg6 20. f3 Re7 21. Qf2 Ba6 22. Rfe1 bxc5 23. Nxc5 Bc4 24. e4 Qd6 25. Rab1 Rae8 26. Rb4 Bb5 27. Reb1 a5 28. R4b2 Qf6 29. a4 Bc4 30. Rb8 Kh7 31. Qc2 g6 32. Rxe8 Rxe8 33. e5 Qd8 34. Ne4 1-0

[Event "Panevezys op 25th"]
[Site "Panevezys"]
[Date "2012.08.14"]
[Round "3"]
[White "Milasevicius, Jonas"]
[Black "Kutkaitis, Romualdas"]
[Result "1-0"]
[WhiteElo "1934"]
[BlackElo "1665"]
[PlyCount "83"]
[EventDate "2012.08.13"]
[EventType "swiss"]
[EventRounds "9"]
[EventCountry "LTU"]
[SourceTitle "CBM 149 Extra"]
[Source "ChessBase"]
[SourceDate "2012.08.24"]
[SourceVersion "1"]
[SourceVersionDate "2012.08.24"]
[SourceQuality "1"]

1. Nf3 Nf6 2. c4 e6 3. d4 b6 4. Nc3 Bb4 5. Bg5 Bxc3+ 6. bxc3 Bb7 7. e3 h6 8. Bh4 d6 9. Bd3 Nbd7 10. 0-0 0-0 11. Nd2 Qe7 12. Qc2 e5 13. Bh7+ Kh8 14. Bf5 g5 15. Bg3 Kg7 16. Rae1 Rae8 17. h4 Rh8 18. f4 g4 19. fxe5 dxe5 20. Qd1 h5 21. Qa4 a5 22. c5 c6 23. cxb6 Rhf8 24. c4 Ng8 25. c5 f6 26. Nc4 Ba6 27. Bd3 Bb5 28. Qxa5 Ra8 29. Qd2 Nh6 30. Rf2 Qe6 31. Rc1 e4 32. Bf1 Nf5 33. Bd6 Rfe8 34. g3 Ra4 35. Qc3 Rea8 36. Rcc2 Kg6 37. Bf4 Qd5 38. Qb3 R4a6 39. Nd6 Qxb3 40. axb3 Nxd6 41. Bxd6 Ra1 42. Kg2 1-0

[Event "Panevezys op-B"]
[Site "Panevezys"]
[Date "2010.08.22"]
[Round "6"]
[White "Dugnaite, Gerda"]
[Black "Kutkaitis, Romualdas"]
[Result "0-1"]
[WhiteElo "1662"]
[BlackElo "1665"]
[PlyCount "132"]
[EventDate "2010.08.18"]
[EventType "swiss"]
[EventRounds "7"]
[EventCountry "LTU"]
[SourceTitle "CBM 138 Extra"]
[Source "ChessBase"]
[SourceDate "2010.10.29"]
[SourceVersion "1"]
[SourceVersionDate "2010.10.29"]
[SourceQuality "1"]

1. e4 d6 2. d4 Nf6 3. Nc3 e5 4. d5 Be7 5. Bb5+ Nbd7 6. Nge2 0-0 7. 0-0 a6 8. Bd3 Nc5 9. Ng3 Bd7 10. Be2 b6 11. Be3 Ne8 12. Bg4 g6 13. Bh6 Ng7 14. Bxd7 Qxd7 15. Qe2 f5 16. exf5 gxf5 17. f4 e4 18. Rae1 Bf6 19. Qe3 Na4 20. Nge2 Nxb2 21. Qh3 Nc4 22. Kh1 Kh8 23. Rg1 Rg8 24. g4 Rae8 25. g5 Bxc3 26. Nxc3 Qf7 27. Qh4 Qg6 28. Qf2 Na5 29. Qe2 Ra8 30. Rg3 b5 31. Rh3 Nc4 32. Rg1 Ne8 33. Nd1 Nf6 34. Ne3 Nxe3 35. Qxe3 Ne8 36. Rhg3 Ng7 37. Qc3 Rgc8 38. Qc6 Nh5 39. Qc3+ Kg8 40. Re3 Nxf4 41. Qd4 Nh5 42. Rf1 Re8 43. Rh3 Ng7 44. Qf6 Rf8 45. Qc3 f4 46. Qd4 Rae8 47. Rh4 f3 48. Bxg7 Qxg7 49. Qe3 Qg6 50. Rh6 Qf5 51. Rh4 f2 52. g6 Qf3+ 53. Qxf3 Rxf3 54. gxh7+ Kh8 55. Kg2 Rf5 56. Rxf2 Rxd5 57. Re2 Rde5 58. Rf4 R5e7 59. h4 Kxh7 60. Kh3 d5 61. Rf5 Rd8 62. Kg4 Rd6 63. h5 c5 64. Kg5 b4 65. Rf6 Re5+ 66. Rf5 Rde6 0-1

[Event "LSS SA-2010-0-00135"]
[Site "LSS email"]
[Date "2010.06.07"]
[Round "?"]
[White "Kutkaitis, Romualdas"]
[Black "Wimmer, Jaroslav"]
[Result "0-1"]
[WhiteElo "2173"]
[BlackElo "2153"]
[PlyCount "146"]
[EventDate "2010.05.18"]
[EventType "tourn (corr)"]
[EventRounds "6"]
[EventCountry "GER"]
[SourceTitle "Telechess CBM 141"]
[Source "ChessBase"]
[SourceDate "2011.03.17"]
[SourceVersion "1"]
[SourceVersionDate "2011.03.17"]
[SourceQuality "1"]

1. c4 e6 2. Nc3 d5 3. d4 Nf6 4. cxd5 exd5 5. Bg5 Be7 6. e3 0-0 7. Bd3 c5 8. dxc5 Nbd7 9. Nge2 Nxc5 10. 0-0 Be6 11. Nd4 Rc8 12. Rc1 h6 13. Bh4 Nfe4 14. Bxe4 dxe4 15. Nxe6 fxe6 16. Qxd8 Bxd8 17. Nxe4 Nxe4 18. Rxc8 Bxh4 19. Rxf8+ Kxf8 20. f3 Nc5 21. g3 Be7 22. Rd1 a5 23. Kf2 Kf7 24. Ke2 e5 25. Rd5 Ke6 26. e4 g5 27. Ke3 b6 28. Rd2 Na6 29. a3 Nc5 30. b4 Nb7 31. Rb2 axb4 32. axb4 b5 33. Rb1 Bd6 34. h4 gxh4 35. gxh4 Nd8 36. Rg1 Nf7 37. Rg6+ Ke7 38. Kd3 Bxb4 39. h5 Ba3 40. Kc2 Bc5 41. Kd3 Bf2 42. Rg8 Bh4 43. Kc3 Kd7 44. Kb4 Nd6 45. Kc5 Ne8 46. Rg2 Bg5 47. Kxb5 Nc7+ 48. Kc4 Ne6 49. Ra2 Nf4 50. Ra1 Ke6 51. Ra6+ Kf7 52. Ra5 Bf6 53. Ra7+ Be7 54. Ra6 Bf8 55. Ra7+ Kf6 56. Ra6+ Kg5 57. Ra8 Bg7 58. Rg8 Nxh5 59. Kd3 Kh4 60. Ke3 Bf6 61. Rg1 Nf4 62. Rh1+ Kg3 63. Rxh6 Be7 64. Rc6 Bg5 65. Ra6 Nh3+ 66. Ke2 Ng1+ 67. Kf1 Nxf3 68. Ra3 Kf4 69. Ke2 Nh2 70. Ra4 Ng4 71. Rb4 Bd8 72. Rc4 Bb6 73. Kd3 Kf3 0-1

[Event "LSS ZH-2009-0-00344"]
[Site "LSS email"]
[Date "2009.10.25"]
[Round "?"]
[White "Kutkaitis, Romualdas"]
[Black "Kurowski, Andrzej"]
[Result "1/2-1/2"]
[WhiteElo "2100"]
[BlackElo "2149"]
[PlyCount "89"]
[EventDate "2009.10.10"]
[EventType "match (corr)"]
[EventRounds "2"]
[EventCountry "GER"]
[SourceTitle "Telechess CBM 137"]
[Source "ChessBase"]
[SourceDate "2010.07.15"]
[SourceVersion "1"]
[SourceVersionDate "2010.07.15"]
[SourceQuality "1"]

1. c4 Nf6 2. Nc3 g6 3. g3 Bg7 4. Bg2 0-0 5. Nf3 d6 6. 0-0 Nc6 7. d3 e5 8. Rb1 a5 9. a3 h6 10. b4 axb4 11. axb4 Be6 12. b5 Ne7 13. Qc2 Qd7 14. Bb2 Bh3 15. Ra1 Bxg2 16. Kxg2 Nh5 17. Rxa8 Rxa8 18. Ra1 Rxa1 19. Bxa1 f5 20. Qa2 c6 21. bxc6 bxc6 22. c5+ d5 23. Qa8+ Kf7 24. Na4 e4 25. dxe4 dxe4 26. Nd4 Qd5 27. Nb6 Qxc5 28. Qa2+ Ke8 29. Ne6 Qxb6 30. Bxg7 Nxg7 31. Nxg7+ Kd8 32. Qf7 Qb4 33. Ne6+ Kc8 34. Qe8+ Kb7 35. Qd7+ Kb6 36. Nd8 Kb5 37. Nf7 Nd5 38. Ne5 Qc5 39. Qb7+ Qb6 40. Qf7 Qd4 41. Nxg6 Qd1 42. Ne5 Qxe2 43. Qb7+ Kc5 44. Qxc6+ Kd4 45. Qd6 1/2-1/2

[Event "IECC CL2-2007.10 email"]
[Site "IECC email"]
[Date "2007.06.29"]
[Round "?"]
[White "Kutkaitis, Romualdas"]
[Black "Futida, Souitiro"]
[Result "0-1"]
[WhiteElo "2081"]
[BlackElo "2110"]
[PlyCount "80"]
[EventDate "2007.??.??"]
[EventType "tourn (corr)"]
[EventRounds "4"]
[SourceTitle "Corr 2011"]
[Source "ChessBase"]
[SourceDate "2010.08.31"]
[SourceVersion "1"]
[SourceVersionDate "2010.08.31"]
[SourceQuality "1"]
[WhiteTeam "Italy"]
[BlackTeam "Chile"]
[WhiteTeamCountry "ITA"]
[BlackTeamCountry "CHI"]

1. d4 Nf6 2. c4 e6 3. Nf3 b6 4. Bg5 Bb7 5. e3 h6 6. Bh4 Be7 7. Nc3 c5 8. dxc5 bxc5 9. Bd3 d6 10. 0-0 Nc6 11. Bc2 0-0 12. a3 Nh5 13. Qd3 f5 14. Bxe7 Qxe7 15. Rfd1 Rad8 16. Qe2 Nf6 17. Rab1 a5 18. Rd2 g5 19. h3 Qg7 20. Ne1 Ne5 21. f4 Nf7 22. Rbd1 Bc6 23. Nd3 Rb8 24. Ba4 Bxa4 25. Nxa4 Ne4 26. Rc2 Kh8 27. Nf2 Nf6 28. Nc3 Rg8 29. Nd3 Rb3 30. Rf1 Qg6 31. Nc1 Rbb8 32. Nd3 Rg7 33. Nb5 Ne4 34. Rd1 Rbg8 35. Nc3 Qf6 36. Qf3 Nxc3 37. bxc3 g4 38. hxg4 Rxg4 39. e4 Rg3 40. e5 Qh4 0-1

[Event "IECC CL2-2007.07 email"]
[Site "IECC email"]
[Date "2007.04.15"]
[Round "?"]
[White "Kutkaitis, Romualdas"]
[Black "Agulnick, Michael"]
[Result "1/2-1/2"]
[WhiteElo "2019"]
[BlackElo "1972"]
[PlyCount "41"]
[EventDate "2007.??.??"]
[EventType "tourn (corr)"]
[EventRounds "4"]
[SourceTitle "Corr 2008"]
[Source "ChessBase"]
[SourceDate "2008.06.24"]
[SourceVersion "1"]
[SourceVersionDate "2008.06.24"]
[SourceQuality "1"]
[WhiteTeam "Lithuania"]
[BlackTeam "US of America"]
[WhiteTeamCountry "LTU"]
[BlackTeamCountry "USA"]

1. d4 Nf6 2. c4 g6 3. Nc3 d5 4. Nf3 Bg7 5. cxd5 Nxd5 6. g3 Nxc3 7. bxc3 c5 8. Bg2 Nc6 9. Be3 cxd4 10. Nxd4 0-0 11. 0-0 Qa5 12. Qb3 Rd8 13. Rfd1 Bd7 14. a4 Rac8 15. Nxc6 Bxc6 16. Bxc6 bxc6 17. Rxd8+ Rxd8 18. Rd1 Rxd1+ 19. Qxd1 h5 20. Qb3 a6 21. Qc4 1/2-1/2

[Event "IECC CL3-2007.03 email"]
[Site "IECC email"]
[Date "2007.02.26"]
[Round "?"]
[White "Kutkaitis, Romualdas"]
[Black "Stilman, Eduardo"]
[Result "1-0"]
[WhiteElo "1997"]
[BlackElo "1955"]
[PlyCount "91"]
[EventDate "2007.??.??"]
[EventType "tourn (corr)"]
[EventRounds "4"]
[SourceTitle "Corr 2008"]
[Source "ChessBase"]
[SourceDate "2008.06.24"]
[SourceVersion "1"]
[SourceVersionDate "2008.06.24"]
[SourceQuality "1"]
[WhiteTeam "Lithuania"]
[BlackTeam "Uruguay"]
[WhiteTeamCountry "LTU"]
[BlackTeamCountry "URU"]

1. d4 d5 2. c4 c6 3. cxd5 cxd5 4. Nc3 Nc6 5. Nf3 Nf6 6. Bf4 Bf5 7. e3 e6 8. Bb5 Nd7 9. 0-0 Be7 10. Qb3 0-0 11. Rfc1 Rc8 12. Bxc6 bxc6 13. Qb7 a5 14. Na4 c5 15. Ne5 Rc7 16. Qa6 Nxe5 17. Bxe5 c4 18. Bxc7 Qxc7 19. Nc3 Qb8 20. e4 dxe4 21. Nd1 Rd8 22. Rxc4 e3 23. fxe3 Bd3 24. Rac1 Bd6 25. h3 Bc7 26. b3 e5 27. Qc6 Bxc4 28. Rxc4 Bd6 29. d5 Bb4 30. e4 Qa7+ 31. Kf1 Qe7 32. Qb6 Qg5 33. Qe3 Qe7 34. Nf2 Qb7 35. g4 Bd6 36. Rc6 f6 37. Qb6 Qxb6 38. Rxb6 Bc5 39. Rc6 Bd4 40. Ke2 Rd7 41. Nd1 Ra7 42. Ne3 Bxe3 43. Kxe3 Kf7 44. Kd3 h6 45. Kc4 Rb7 46. a3 1-0

[Event "IECC CL3-2006.15 email"]
[Site "IECC email"]
[Date "2006.11.06"]
[Round "?"]
[White "Koolsbergen, Nico"]
[Black "Kutkaitis, Romualdas"]
[Result "1/2-1/2"]
[WhiteElo "1853"]
[BlackElo "1995"]
[PlyCount "59"]
[EventDate "2006.??.??"]
[EventType "tourn (corr)"]
[EventRounds "4"]
[SourceTitle "Corr 2015"]
[Source "ChessBase"]
[SourceDate "2015.07.17"]
[SourceVersion "1"]
[SourceVersionDate "2015.07.17"]
[SourceQuality "1"]
[WhiteTeam "Netherlands"]
[BlackTeam "Lithuania"]
[WhiteTeamCountry "NED"]
[BlackTeamCountry "LTU"]

1. c4 Nf6 2. d4 e6 3. f3 Bb4+ 4. Bd2 Qe7 5. e3 0-0 6. Bd3 e5 7. dxe5 Bxd2+ 8. Qxd2 Qxe5 9. Nc3 d6 10. Nge2 Re8 11. e4 Bd7 12. Rd1 Na6 13. a3 Nc5 14. Bc2 a5 15. 0-0 a4 16. Nd4 Ne6 17. Nxe6 Rxe6 18. f4 Qc5+ 19. Qd4 Ra5 20. Qxc5 Rxc5 21. Rd4 Bc6 22. h3 g6 23. g4 h6 24. Re1 Ra5 25. Kf2 Re7 26. Nd5 Nxd5 27. exd5 Rxe1 28. Kxe1 Bd7 29. Re4 Kf8 30. Re3 1/2-1/2

[Event "IECC CL3-2006.15 email"]
[Site "IECC email"]
[Date "2006.11.06"]
[Round "?"]
[White "Kutkaitis, Romualdas"]
[Black "Johnson, Bernard S"]
[Result "1-0"]
[WhiteElo "1989"]
[BlackElo "1808"]
[PlyCount "97"]
[EventDate "2006.??.??"]
[EventType "tourn (corr)"]
[EventRounds "4"]
[SourceTitle "Corr 2008"]
[Source "ChessBase"]
[SourceDate "2008.06.24"]
[SourceVersion "1"]
[SourceVersionDate "2008.06.24"]
[SourceQuality "1"]

1. d4 Nf6 2. c4 e6 3. Nf3 b6 4. g3 Ba6 5. b3 Bb7 6. Bg2 Bb4+ 7. Bd2 a5 8. 0-0 0-0 9. a3 Bxd2 10. Qxd2 d5 11. Nc3 Nbd7 12. Ne5 Qc8 13. Rfd1 dxc4 14. Nxd7 Nxd7 15. bxc4 Bxg2 16. Kxg2 Qb7+ 17. d5 f5 18. Kg1 e5 19. d6 c6 20. Rab1 Rab8 21. Na4 Qa6 22. Qc2 Rf6 23. Rb2 f4 24. Nc3 Rbf8 25. Ne4 Rg6 26. a4 c5 27. Rb3 Qa8 28. Qd3 Kh8 29. Qd5 Qe8 30. f3 Rh6 31. g4 Rh4 32. Kg2 Rh6 33. Qb7 Rg6 34. h4 h5 35. g5 Qe6 36. Rxb6 Nxb6 37. Qxb6 Qxc4 38. Rd2 Qxa4 39. Qc7 Qe8 40. d7 Qd8 41. Qxc5 Rf7 42. Qd5 Re7 43. Nc5 Rb6 44. Nb7 Rxb7 45. Qxb7 g6 46. Qc8 Rxd7 47. Qxd8+ Rxd8 48. Rxd8+ Kg7 49. Re8 1-0

[Event "IECC CL3-2006.10 email"]
[Site "IECC email"]
[Date "2006.08.16"]
[Round "?"]
[White "Kutkaitis, Romualdas"]
[Black "Hansen, Anders"]
[Result "1-0"]
[WhiteElo "1981"]
[BlackElo "1800"]
[PlyCount "53"]
[EventDate "2006.??.??"]
[EventType "tourn (corr)"]
[EventRounds "4"]
[SourceTitle "Corr 2015"]
[Source "ChessBase"]
[SourceDate "2015.07.17"]
[SourceVersion "1"]
[SourceVersionDate "2015.07.17"]
[SourceQuality "1"]
[WhiteTeam "Lithuania"]
[BlackTeam "Sweden"]
[WhiteTeamCountry "LTU"]
[BlackTeamCountry "SWE"]

1. d4 Nf6 2. c4 e6 3. Nc3 Bb4 4. f3 d5 5. a3 Bxc3+ 6. bxc3 c5 7. e3 0-0 8. cxd5 exd5 9. Bd3 b6 10. Ne2 Ba6 11. 0-0 Re8 12. Ng3 Qc8 13. e4 Bxd3 14. Qxd3 Qa6 15. Qe3 Nbd7 16. e5 Re6 17. f4 Qc4 18. Qf3 cxd4 19. exf6 Nxf6 20. f5 Ree8 21. Bd2 Ne4 22. Be1 Nxc3 23. f6 g6 24. Qf4 Kh8 25. Rf3 Rg8 26. Bxc3 dxc3 27. Qxc4 1-0

[Event "IECC CL3-2006.05 email"]
[Site "IECC email"]
[Date "2006.03.27"]
[Round "?"]
[White "Kutkaitis, Romualdas"]
[Black "Richardson, John R"]
[Result "1-0"]
[WhiteElo "1980"]
[BlackElo "1768"]
[PlyCount "55"]
[EventDate "2006.??.??"]
[EventType "tourn (corr)"]
[EventRounds "4"]
[SourceTitle "Corr 2015"]
[Source "ChessBase"]
[SourceDate "2015.07.17"]
[SourceVersion "1"]
[SourceVersionDate "2015.07.17"]
[SourceQuality "1"]

1. d4 Nf6 2. Nf3 e6 3. c4 b6 4. g3 Bb7 5. Bg2 Be7 6. Nc3 Ne4 7. Bd2 Nxd2 8. Qxd2 d5 9. cxd5 exd5 10. 0-0 0-0 11. Ne5 c6 12. e4 dxe4 13. Bxe4 f6 14. Nc4 f5 15. Bg2 Ba6 16. b3 f4 17. Qe2 Kh8 18. a4 fxg3 19. hxg3 Bf6 20. Rad1 Re8 21. Qh5 Bxc4 22. bxc4 Re7 23. Ne4 g6 24. Qh3 Bg7 25. d5 Qd7 26. dxc6 Qxh3 27. Rd8+ Bf8 28. Bxh3 1-0

[Event "IECC CL3-2006.05 email"]
[Site "IECC email"]
[Date "2006.03.27"]
[Round "?"]
[White "Ralls, Richard Nelson"]
[Black "Kutkaitis, Romualdas"]
[Result "1-0"]
[WhiteElo "1951"]
[BlackElo "1987"]
[PlyCount "54"]
[EventDate "2006.??.??"]
[EventType "tourn (corr)"]
[EventRounds "4"]
[SourceTitle "Corr 2015"]
[Source "ChessBase"]
[SourceDate "2015.07.17"]
[SourceVersion "1"]
[SourceVersionDate "2015.07.17"]
[SourceQuality "1"]
[WhiteTeam "US of America"]
[BlackTeam "Lithuania"]
[WhiteTeamCountry "USA"]
[BlackTeamCountry "LTU"]

1. e4 c6 2. d4 d5 3. e5 Bf5 4. Nf3 e6 5. Be2 Ne7 6. 0-0 c5 7. c4 Nbc6 8. Na3 dxc4 9. Nxc4 Nd5 10. Bg5 Qd7 11. Rc1 h6 12. Be3 cxd4 13. Nxd4 Nxe3 14. fxe3 Nxd4 15. Qxd4 Qxd4 16. exd4 Be7 17. Nd6+ Bxd6 18. exd6 0-0 19. Rc7 Rfd8 20. h4 f6 21. Bc4 Kf8 22. Rxf5 exf5 23. Rf7+ Kg8 24. d7 Kh8 25. h5 b5 26. Be6 Rab8 27. Re7 Rf8 1-0